zpět

Detail výsledku týmu

U Pošty - Vinohrady ČT, Praha

Datum a čas kvízu

31.5 Celkem bodů Celkový počet nahraných bodů na tomto kvízu bez doplňovacích otázek.
7. Pořadí na kvízu Konečné umístění týmu na tomto kvízu.

Zaznamenané odpovědi

# Otázka Odpověď Body Výsledky
1. Co se minulý týden v pražském... stát se Miss 0
2. Italská policie zabavila minul... Šeherezáda 0
3. Jistý kanadský zpěvák nechal s... Justin Bieber 1
4. V minulém týdnu se vyrojily sp... guvernér ČNB 1
5. Jak se jmenují dva fotbalové k... FC Liverpool, Real Madrid CF 0
6. V tomto tématu se podíváme na... Siena (Kateřina Sienská) 0
7. Jak se jmenoval velkomoravský... Rostislav / Rastislav 0
8. Jedním z patronů Kypru je muž,... Lazar 0
9. Svatý Ivan Rilský byl poustevn... Bulharska 1
10. Které evropské světici se někd... Johance / Janě z Arku 1